000 01016nam a22002897a 4500
003 CHAP
005 20220329135357.0
008 971013s r 00010 d
010 _a35326
011 _a36298
035 _a40417
040 _cCHAP
090 _aFolleto 2017r
110 _aMéxico. Secretaría de Agricultura y Ganadería. Comité Regional Agrícola, Ganadero y Forestal del Estado de Sinaloa
_977114
245 _aPlan agrícola regional
_b: realizaciones del ciclo 1968-69, programa para la etapa 69-70
260 _a(Culiacán, Sin. :
_bs.e.),
_c(s.a.)
300 _a56 p.
_b: ilus
590 _aBATCH-UPD
_b10
_c20130110
_lUCH01
_h1143
590 _aBATCH-UPD
_b10
_c20130410
_lUCH01
_h0728
590 _aBATCH-UPD
_b10
_c20130914
_lUCH01
_h0030
590 _aCONVERSION
_b10
_c20130109
_lUCH01
_h1320
650 1 4 _aAgricultura
_xSinaloa.
_91794
650 1 4 _aPolítica agrícola
_xSinaloa.
_990361
901 _aBK
942 _cFOLL
949 _aFolleto 2017r
_bBC
_cFOLL
_d-92396
_eTS1
_i40417
_mD
_si
999 _c35326
_d35326